000
00269nam a22001097a 4500
020
_a
978-0593516898
082
_a
378.1662
_b
DIG
245
_a
Digital SAT Prep, 2024: 3 Practice Tests /
260
_b
Princeton Review,
_c
2023.
300
_a
xv,596p. ;
942
_2
ddc
_c
BK
999
_c
615030
_d
615030